Pohrebný kancionál Jozefa Macha

Bibliographic Details
Main Author: Kiliánová, Gabriela, 1951- (Author)
Format: Article
Language:Slovak
ISSN:1335-1303
Subjects:

MARC

LEADER 00000nab a2200000 a 4500
001 vtls000675570
003 SK-MaSNL
005 20260304101040.0
008 250426c1998 xo 0 slo
015 |a SNBRB1998/10-29775 
035 |a CLN000027744 
035 |a urn:nbn:sk:snk-abige 
035 |a (urnnbn)urn:nbn:sk:snk:ar-a039nn 
035 |a (uuid)cf66c7c7-9b39-4f96-899d-e57509b5414d 
040 |a SNKBUCL  |b slo  |c SNKBUCL  |e AACR2 
041 0 |a slo 
044 |a xo  |c SK 
080 |a 245:282(091)(048)  |2 1997 
100 1 |a Kiliánová, Gabriela,  |d 1951-  |4 aut  |9 39832 
245 1 0 |a Pohrebný kancionál Jozefa Macha  |c Gabriela Kiliánová 
600 1 7 |a Mach, Jozef  |d 1878-1918  |x kancionále pohrebné  |2 snkbucl  |9 1395840 
650 0 7 |a piesne pohrebné  |x žalmy  |x spevníky  |x Mach, Jozef, 1878-1918  |x zbierky rukopisné  |x recenzie  |2 snkbucl  |9 1395841 
655 7 |a články z novín a časopisov  |2 snkbucl  |9 267496 
773 0 |t Slovenský národopis  |g Roč. 46, č. 3 (1998), s. 398-400  |x 1335-1303 
787 0 8 |i Rec.:  |a Vanovičová, Zora  |t Pohrebný kancionál Jozefa Macha  |d Bratislava : Prebudená pieseň : Ústav etnológie SAV, 1997  |z 8096765043 
850 |a Slovenská národná knižnica 
852 |a Slovenská národná knižnica 
954 |a odborná, vedecká literatúra pôvodná (slovenská)  |2 lita 
958 |a article27 
958 |a OND 
958 |a EUIPO 
992 |a RBX 
999 |c 2840621  |d 2842551